ARRUPE JESUIT UNIVERSITY

CORONAVIRUS -STOP THE SPREAD - CLEAN,DISINFECT,COVER

Dance to the tune of life : (Record no. 130063)

MARC details
000 -LEADER
fixed length control field 01661cam a2200385 i 4500
001 - CONTROL NUMBER
control field 19105646
003 - CONTROL NUMBER IDENTIFIER
control field ARRUPE
005 - DATE AND TIME OF LATEST TRANSACTION
control field 20191118101921.0
008 - FIXED-LENGTH DATA ELEMENTS--GENERAL INFORMATION
fixed length control field 160520s2017 enk b 000 0 eng
010 ## - LIBRARY OF CONGRESS CONTROL NUMBER
LC control number 2016023673
020 ## - INTERNATIONAL STANDARD BOOK NUMBER
International Standard Book Number 9781107176249 (hardback)
035 ## - SYSTEM CONTROL NUMBER
System control number (DNLM)101683606
040 ## - CATALOGING SOURCE
Original cataloging agency DNLM/DLC
Transcribing agency DLC
Description conventions rda
Modifying agency DLC
042 ## - AUTHENTICATION CODE
Authentication code pcc
050 00 - LIBRARY OF CONGRESS CALL NUMBER
Classification number QH325
Item number .N625 2017
060 10 - NATIONAL LIBRARY OF MEDICINE CALL NUMBER
Classification number QH 366.2
082 00 - DEWEY DECIMAL CLASSIFICATION NUMBER
Classification number 577
Edition number 23
300 ## - PHYSICAL DESCRIPTION
Other physical details illustrations (some color) ;
Dimensions 24 cm
100 1# - MAIN ENTRY--PERSONAL NAME
Personal name Noble, Denis,
Dates associated with a name 1936-
Relator term author.
9 (RLIN) 48749
245 10 - TITLE STATEMENT
Title Dance to the tune of life :
Remainder of title biological relativity /
Statement of responsibility, etc Denis Noble, The University of Oxford, UK.
260 ## - PUBLICATION, DISTRIBUTION, ETC. (IMPRINT)
Place of publication, distribution, etc Cambridge
Name of publisher, distributor, etc Cambridge University Press
Date of publication, distribution, etc 2017
300 ## - PHYSICAL DESCRIPTION
Extent xviii, 283 pages, 12 unnumbered pages of plates :
504 ## - BIBLIOGRAPHY, ETC. NOTE
Bibliography, etc Includes bibliographical references.
505 0# - FORMATTED CONTENTS NOTE
Formatted contents note The universe and the principle of relativity -- Biological scales and levels -- Biological networks -- Nature and origin of cells -- Blind chance and natural selection -- Biological relativity -- Dancing nucleotides : natural genetic engineering -- Epigenetics and a relativistic theory of evolution -- The relativity of epistemology : the meaning of it all.
650 #0 - SUBJECT ADDED ENTRY--TOPICAL TERM
Topical term or geographic name as entry element Life
General subdivision Origin.
9 (RLIN) 48750
650 #0 - SUBJECT ADDED ENTRY--TOPICAL TERM
Topical term or geographic name as entry element Relativity.
9 (RLIN) 48751
650 #0 - SUBJECT ADDED ENTRY--TOPICAL TERM
Topical term or geographic name as entry element Cosmology.
9 (RLIN) 48752
650 #0 - SUBJECT ADDED ENTRY--TOPICAL TERM
Topical term or geographic name as entry element Evolution (Biology)
9 (RLIN) 10545
650 12 - SUBJECT ADDED ENTRY--TOPICAL TERM
Topical term or geographic name as entry element Biological Evolution
9 (RLIN) 16219
650 22 - SUBJECT ADDED ENTRY--TOPICAL TERM
Topical term or geographic name as entry element Biodiversity
9 (RLIN) 48753
650 22 - SUBJECT ADDED ENTRY--TOPICAL TERM
Topical term or geographic name as entry element Genetic Variation
9 (RLIN) 48754
650 22 - SUBJECT ADDED ENTRY--TOPICAL TERM
Topical term or geographic name as entry element Origin of Life
9 (RLIN) 48755
906 ## - LOCAL DATA ELEMENT F, LDF (RLIN)
a 7
b cbc
c orignew
d 1
e ecip
f 20
g y-gencatlg
942 ## - ADDED ENTRY ELEMENTS (KOHA)
Source of classification or shelving scheme Library of Congress Classification
Koha item type Monograph ( Printed materials)
Holdings
Withdrawn status Lost status Source of classification or shelving scheme Damaged status Not for loan Collection code Home library Current library Shelving location Date acquired Total Checkouts Full call number Barcode Date last seen Date checked out Price effective from Koha item type
    Library of Congress Classification     Main Collection ARRUPE LIBRARY ARRUPE LIBRARY Main Collection 18/11/2019 3 QH325 .N625 2017 46600005881 28/05/2021 15/10/2020 18/11/2019 Monograph ( Printed materials)

 

Arrupe Library. PO Box MP320 Mt Pleasant, Harare, Zimbabwe
263 242 745411|librarian@aju.ac.zw